000 00599nam a2200193 i 4500
001 35366
003 ES-MaACL
005 20251122063110.0
007 t|
008 030212s1971 mx ||||1| spa d
100 1 _aBorges, Jorge Luis,
_d1899-1986
_9242526
245 1 0 _aManual de zoología fantástica /
_cpor Jorge Luis Borges y Margarita Guerrero.
250 _a[2ª reimp.].
260 _aMéxico :
_bFondo de Cultura Económica,
_c[1971]
300 _a159 p. ;
_c18 cm.
700 1 _aGuerrero, Margarita.
_960559
852 _aES-MaACL
_jE-6190
_bR.90369
999 _c35366
_d35366